000 00320nam a22001337a 4500
003 OSt
005 20160727222404.0
008 160623b xxu||||| |||| 00| 0 eng d
040 _cTEST
100 _9793
_aJernigan, K
245 _aGray Pancakes and Gold Hoeses
300 _aGray Pancakes and Gold Hoeses
942 _2ddc
_cBK
999 _c634
_d634